000 00812nam0a22002531 4500
001 v19\rc\1409258
005 20260406194949.0
035 _a(NLR Aleph) 004538150
090 _a1966708
_c1966708
100 _a20060512d1877 |||y0rusy50 ca
101 0 _arus
102 _aRU
105 _ay z |||||
200 1 _aИнструкция для избрания гласных С.-Петербургской биржи и их кандидатов
210 _aСанкт-Петербург
_d1877
215 _a[2], 13 с.
710 0 2 _aСанкт-Петербургская биржа
_3RU\NLR\AUTH\889958185
_9412462
801 0 _aRU
_bNLR
_gpsbo
801 0 _aRU
_bRuMoRGB
_2psbo
801 1 _aRU
_bProSoft-M
_2rusmarc
852 _aNLR
_j18.96.7.448
899 _aRuMoRGB
_jA 167/453
942 _cBOOK
980 _aNB